Biblioteki Polonii Amerykańskiej
Biblioteka Instytutu Józefa Piłsudskiego w Ameryce
Library of the Józef Piłsudski Institute of America
Biblioteka imienia Alfreda Jurzykowskiego Polskiego Instytutu Naukowego w Ameryce
The Alfred Jurzykowski Memorial Library of the Polish Institute of Arts & Sciences of America
Biblioteka Marjanczyków Polskiej Fundacji Kulturalnej
The Marjanczyk Library of the Polish Cultural Foundation

Biblioteka Fundacji Kościuszkowskiej
Library of the Kosciuszko Foundation

80. rocznica wyzwolenia Auschwitz / (Record no. 91079)

MARC details
000 -LEADER
fixed length control field 02420nam a2200637 i 4500
001 - CONTROL NUMBER
control field 991053160417305066
003 - CONTROL NUMBER IDENTIFIER
control field NyNyJPI
005 - DATE AND TIME OF LATEST TRANSACTION
control field 20260408154922.0
008 - FIXED-LENGTH DATA ELEMENTS--GENERAL INFORMATION
fixed length control field 251114s2025 pl co |000 0 pol c
009 - PHYSICAL DESCRIPTION FIXED-FIELD FOR ARCHIVAL COLLECTION (VM) [OBSOLETE]
fixed length control field b1000007526673
015 ## - NATIONAL BIBLIOGRAPHY NUMBER
National bibliography number UWD 2025/39257
020 ## - INTERNATIONAL STANDARD BOOK NUMBER
International Standard Book Number 9788377044216
Qualifying information (oprawa twarda)
035 ## - SYSTEM CONTROL NUMBER
System control number (PL)b1000007526673
035 ## - SYSTEM CONTROL NUMBER
System control number (EXLNZ-48OMNIS_NETWORK)9915214876205606
040 ## - CATALOGING SOURCE
Original cataloging agency WA N
Transcribing agency WA N
Modifying agency WA N
-- WA 392
-- KR U
-- WA N
-- LUBL KUL
-- WR U
045 2# - TIME PERIOD OF CONTENT
Formatted 9999 B.C. through C.E. time period d1945
-- d2025
046 ## - SPECIAL CODED DATES
Beginning or single date created 2025
080 ## - UNIVERSAL DECIMAL CLASSIFICATION NUMBER
Field link and sequence number 1.1\x
Universal Decimal Classification number 94(100)"1939/1945":341.322.5
080 ## - UNIVERSAL DECIMAL CLASSIFICATION NUMBER
Field link and sequence number 1.2\x
Universal Decimal Classification number 394.4(438)
080 ## - UNIVERSAL DECIMAL CLASSIFICATION NUMBER
Field link and sequence number 1.3\x
Universal Decimal Classification number (084.1)
084 ## - OTHER CLASSIFICATION NUMBER
Classification number 15
245 00 - TITLE STATEMENT
Title 80. rocznica wyzwolenia Auschwitz /
Statement of responsibility, etc. [fotografie: Bartosz Bartyzel, Wojciech Grabowski, Marek Lach, Łukasz Lipiński, Paweł Sawicki, Grzegorz Skowronek, Michał Woźny ; redakcja i wybór zdjęć: Bartosz Bartyzel, Paweł Sawicki].
246 3# - VARYING FORM OF TITLE
Title proper/short title Osiemdziesiąta rocznica wyzwolenia Auschwitz
260 ## - PUBLICATION, DISTRIBUTION, ETC.
Place of publication, distribution, etc. Oświęcim :
Name of publisher, distributor, etc. Państwowe Muzeum Auschwitz-Birkenau,
Date of publication, distribution, etc. 2025.
300 ## - PHYSICAL DESCRIPTION
Extent 155, [1] strona :
Other physical details fotografie, portrety ;
Dimensions 23x24 cm.
336 ## - CONTENT TYPE
Content type term Obraz
Content type code sti
Source rdacontent
336 ## - CONTENT TYPE
Content type term Tekst
Content type code txt
Source rdacontent
337 ## - MEDIA TYPE
Media type term Bez urządzenia pośredniczącego
Media type code n
Source rdamedia
338 ## - CARRIER TYPE
Carrier type term Wolumin
Carrier type code nc
Source rdacarrier
380 ## - FORM OF WORK
Form of work Książki
380 ## - FORM OF WORK
Form of work Albumy i książki artystyczne
388 1# - TIME PERIOD OF CREATION
Time period of creation term 2001-
500 ## - GENERAL NOTE
General note Całość w pudełku.
610 27 - SUBJECT ADDED ENTRY--CORPORATE NAME
Corporate name or jurisdiction name as entry element Auschwitz-Birkenau (niemiecki obóz koncentracyjny)
Source of heading or term DBN
610 27 - SUBJECT ADDED ENTRY--CORPORATE NAME
Corporate name or jurisdiction name as entry element Państwowe Muzeum Auschwitz-Birkenau
Source of heading or term DBN
648 #7 - SUBJECT ADDED ENTRY--CHRONOLOGICAL TERM
Chronological term 1901-2000
Source of heading or term DBN
648 #7 - SUBJECT ADDED ENTRY--CHRONOLOGICAL TERM
Chronological term 1939-1945
Source of heading or term DBN
648 #7 - SUBJECT ADDED ENTRY--CHRONOLOGICAL TERM
Chronological term 2001-
Source of heading or term DBN
650 #7 - SUBJECT ADDED ENTRY--TOPICAL TERM
Topical term or geographic name entry element Holokaust
Source of heading or term DBN
650 #7 - SUBJECT ADDED ENTRY--TOPICAL TERM
Topical term or geographic name entry element Ludobójstwo niemieckie (1939-1945)
Source of heading or term DBN
650 #7 - SUBJECT ADDED ENTRY--TOPICAL TERM
Topical term or geographic name entry element Ocaleni z Holokaustu
Source of heading or term DBN
650 #7 - SUBJECT ADDED ENTRY--TOPICAL TERM
Topical term or geographic name entry element Rocznice
Source of heading or term DBN
650 #7 - SUBJECT ADDED ENTRY--TOPICAL TERM
Topical term or geographic name entry element Upamiętnianie
Source of heading or term DBN
651 #7 - SUBJECT ADDED ENTRY--GEOGRAPHIC NAME
Geographic name Oświęcim (woj. małopolskie)
Source of heading or term DBN
655 #7 - INDEX TERM--GENRE/FORM
Genre/form data or focus term Album
Source of term DBN
658 ## - INDEX TERM--CURRICULUM OBJECTIVE
Main curriculum objective Historia
700 1# - ADDED ENTRY--PERSONAL NAME
Personal name Bartyzel, Bartosz
Relator term Fotografie
-- Redakcja
-- Wybór
700 1# - ADDED ENTRY--PERSONAL NAME
Personal name Grabowski, Wojciech
Titles and other words associated with a name (fotograf)
Relator term Fotografie
700 1# - ADDED ENTRY--PERSONAL NAME
Personal name Lach, Marek
Relator term Fotografie
700 1# - ADDED ENTRY--PERSONAL NAME
Personal name Lipiński, Łukasz
Titles and other words associated with a name (fotograf)
Relator term Fotografie
700 1# - ADDED ENTRY--PERSONAL NAME
Personal name Sawicki, Paweł
Relator term Fotografie
-- Redakcja
-- Wybór
700 1# - ADDED ENTRY--PERSONAL NAME
Personal name Skowronek, Grzegorz
Dates associated with a name (1973- )
Relator term Fotografie
700 1# - ADDED ENTRY--PERSONAL NAME
Personal name Woźny, Michał
Titles and other words associated with a name (fotograf)
Relator term Fotografie
710 2# - ADDED ENTRY--CORPORATE NAME
Corporate name or jurisdiction name as entry element Państwowe Muzeum Auschwitz-Birkenau
Relator term Wydawca
Relationship pbl
942 ## - ADDED ENTRY ELEMENTS (KOHA)
Source of classification or shelving scheme Other/Generic Classification Scheme
Koha item type Books
Suppress in OPAC No
Holdings
Withdrawn status Lost status Source of classification or shelving scheme Damaged status Not for loan Home library Current library Date acquired Total checkouts Full call number Date last seen Price effective from Koha item type
    Other/Generic Classification Scheme   Not for loan Józef Piłsudski Institute Józef Piłsudski Institute 04/08/2026   K 1815 04/08/2026 04/08/2026 Books